| 000 | 00715nam a22001337a 4500 | ||
|---|---|---|---|
| 040 | _cRUA | ||
| 082 | _aAGR LEA 2011 B048 Or.1 | ||
| 100 | _aLEANG SEREIKOL | ||
| 245 | _aEffect of soil improvent techniques on soil fertility and yield of sen pidao rice grown on prateahlang soil,(ប្រសិទ្ធភាពនៃបច្ចេកទេសកែលម្អ ទៅលើជីជាតិដី និងទិន្នផលស្រូវសែនពិដោរ នៅលើក្រុមដីប្រទះឡាង) | ||
| 260 |
_aphnom penh _bRUA _c2011 |
||
| 300 |
_axii, 48p. _cill. |
||
| 856 | _uhttps://drive.google.com/file/d/1COoUxIeAYlc5mIGphGiAesnpuj4BnIh7/view?usp=sharing | ||
| 942 | _cAGR | ||
| 999 |
_c1158 _d1158 |
||